LIBRARY & INFORMATION CENTRE, KCAET, TAVANUR

ONLINE PUBLIC ACCESS CATALOGUE (OPAC)

Code of practice for design of cross drainage works:part-2 specific requirements section-5,IS:7784-1980 / (Record no. 4716)

MARC details
000 -LEADER
fixed length control field 01064cam a2200193ua 4500
041 ## - LANGUAGE CODE
Language code of text/sound track or separate title eng
082 ## - DEWEY DECIMAL CLASSIFICATION NUMBER
Classification number 626.823
Item number IND/CO
100 ## - MAIN ENTRY--AUTHOR NAME
Personal name , .
245 00 - TITLE STATEMENT
Title Code of practice for design of cross drainage works:part-2 specific requirements section-5,IS:7784-1980 /
250 ## - EDITION STATEMENT
Edition statement 1 /
260 ## - PUBLICATION, DISTRIBUTION, ETC. (IMPRINT)
Place of publication New Delhi :
Name of publisher Indian standards institution ,
Year of publication 1981.
300 ## - PHYSICAL DESCRIPTION
Number of Pages 19 ; .
942 ## - ADDED ENTRY ELEMENTS (KOHA)
Koha item type Books
Holdings
Withdrawn status Lost status Damaged status Home library Current library Date acquired Full call number Accession Number Koha item type
      KAUAET   07/04/2012 626.823 17188 Books
free website counter